Les meilleurs buteurs de l'histoire du Le Havre AC - Statistiques

Statistiques générales
  • Ce quiz a été pris 25 fois
  • Le résultat moyen est 3 sur 10
Statistiques - réponses
Buts Nationalité Joueur % Correct
82 France Jean-Michel Lesage
76%
51 France Alexandre Bonnet
65%
38 France Guillaume Hoarau
41%
71 France Alain Caveglia
24%
68 France Jean Saunier
24%
33 Côte d'Ivoire Kandia Traoré
12%
38 Côte d'Ivoire Joël Tiéhi
6%
38 France Yohann Rivière
6%
31 Sénégal Jamal Thiaré
0%
33 France Yvon Douis
0%
Aucun quiz correspondant
Distribution des résultats
% des personnes avec chaque résultat
Percentile par nombre de réponses
Votre historique - résultats
Vous n’avez pas pris ce quiz